| 000 | 01235nam a2200301 a 4500 | ||
|---|---|---|---|
| 999 |
_c334298 _d334298 |
||
| 003 | BLK | ||
| 005 | 20250729122605.0 | ||
| 008 | 190829b bu ||||| |||| 00| | bu d | ||
| 020 | _a978-619-199-447-2 | ||
| 040 | _aBLK | ||
| 041 |
_aBUL _cBUL |
||
| 080 |
_aАвтомобили. Автомобилостроене _b629.113 _x:085.7(02.053.2) _z629.113:085.7(02.053.2) |
||
| 100 |
_9303303 _aРужичка, Олдрич _eпърви автор |
||
| 139 |
_aРужичка, Олдрич _bР 91 |
||
| 245 |
_aИстория на автомобилите _cОлдржих Ружичка; ил. Томаш Перницкий, Катержина Макалошова |
||
| 260 |
_9209475 _aСофия _bФют _c2019 _n978-619-199- ; 978-954-625- |
||
| 300 |
_a32 с. _bс ил. _c29 см |
||
| 380 | _aDN | ||
| 650 | 7 |
_aАвтомобили - история _2 _9146375 |
|
| 653 | 7 |
_9180362 _aавтомобилостроене |
|
| 700 |
_9382674 _aТатаров, Антон Златаров _eпрев. от англ. |
||
| 852 |
_bД _cДН 629/Р 91 |
||
| 852 |
_bЦб _aЦб ІІ 25690 |
||
| 942 |
_cKNG _n0 _s1 _018 |
||
| 944 |
_aED _c2020-10-06 _k30551 _lБояна Костадинова |
||
| 999 | _d334298 | ||
| 999 | _d334298 | ||